000 00487nam a22001577a 4500
999 _c1830
_d1830
008 200205b ||||| |||| 00| 0 eng d
082 0 0 _a387.2
_bH289
100 _91450
_aHarnack, Edwin P.
245 1 0 _aAll about ships & Shipping : a handbook of popular nautical information: with numerous diagrams, plans and illustrations
_cby Edwin P Harnack
250 _a9th
260 _aLondon
_bFaber & Faber
_c1952
300 _axii,707p.
365 _d17.03
650 0 _aShipping
942 _cBK